Egzotyczne owoce - rozpoznaj po zdjęciu - Statystyki

Ogólne statystyki
  • Ten quiz został rozwiązany 48 razy
  • Średni wynik to 7 z 16
Statystyki odpowiedzi
Obrazkowy Odpowiedź % Poprawnych
Kokos
97%
Mango
94%
Smoczy Owoc|Pitaja
91%
Liczi
85%
Marakuja|Męczennica jadalna
82%
Papaja
71%
Kaki|Sharon|Hurma
59%
Durian
56%
Rambutan|Jagodzian rambutan
32%
Kiwano|Ogórek kiwano
18%
Jackfruit|Chlebowiec różnolistny
15%
Mangostan
15%
Gujawa
9%
Salak
6%
Karabol
0%
Pitomba
0%
Nie znaleziono quizów pasujących do podanych kryteriów
Rozkład punktacji
Procent ludzi z każdym wynikiem
Percentyl według liczby udzielonych odpowiedzi
Twoja historia wyników
Nie rozwiązałeś tego quizu